FIFA 21 PLAYERS OVER 90 OVR - Statistics

General Stats
  • This quiz has been taken 104 times
  • The average score is 9 of 12
Answer Stats
Hint Answer % Correct
93 messi
100%
92 ronaldo
99%
90 mbappe
90%
91 neymar
90%
91 de bruyne
77%
91 lewandowski
74%
91 oblak
66%
90 van dijk
65%
90 salah
63%
90 mane
60%
90 ter stegen
52%
90 alisson
49%
No matching quizzes found
Score Distribution
Percent of People with Each Score
Percentile by Number Answered
Your Score History
You have not taken this quiz